| 000 | 00000nas 2200000za 4500 |
| 001 | 9.500491 |
| 003 | CaOODSP |
| 005 | 20230131161131 |
| 007 | cr ||||||||||| |
| 008 | 150406c20079999onc x m o||||f0 |0iku|d |
| 040 | |aCaOODSP|beng |
| 043 | |an-cn--- |
| 086 | 1 |aM41-9S-PDF |
| 245 | 01|a[Geological Survey of Canada, popular geoscience] |h[electronic resource] |
| 260 | |aOttawa : |bNatural Resources Canada, |c2007- |
| 310 | |aIrregular |
| 500 | |aEnglish title supplied by publisher. |
| 546 | |aText in Inuktitut. |
| 710 | 2 |aGeological Survey of Canada. |
| 775 | 08|tGeological Survey of Canada, popular geoscience.|w(CaOODSP)9.505217 |
| 776 | 0#|tGéosciences pour tous |w(CaOODSP)9.512139 |
| 792 | |t[Commission géologique du Canada, géosciences pour tous] |efre|w(CaOODSP)9.500492 |